000 00439nmm a2200157Ia 4500
008 251105s9999||||xx |||||||||||||||||und||
041 _aspa
100 _aHerring, Peggy J.
245 0 _aCheque sin fondos
264 _a[Madrid, España] :
_bEditorial Egales,
_c2018
300 _a188 páginas
490 _aNarrativa
650 _aNorth American narrative
856 _uhttps://public.digitaliapublishing.com/a/175336
942 _cCF
999 _c100141
_d100141